| 000 | 00385nam a2200169Ia 4500 | ||
|---|---|---|---|
| 003 | 0STCL | ||
| 008 | 150530s9999 xx 000 0 und d | ||
| 040 |
_aSTCL _cSTCL |
||
| 100 | _aSantha Kumar,S | ||
| 245 | _aDhanyajeevitham | ||
| 260 |
_bNational book stall;Kotayam _c1983 |
||
| 300 | _a272 | ||
| 546 | _aMalayalam | ||
| 942 |
_2ddc _cBK |
||
| 999 |
_c2153 _d2153 |
||
| 005 | 20220125165308.0 | ||